Kinh tế xây dựng

XD145 Kinh tế xây dựng

שמור ב:
מידע ביבליוגרפי
מחבר ראשי: Nguyễn, Công Thạnh
פורמט: ספר
שפה:Undetermined
יצא לאור: TP.HCM Đại học Quốc gia TP.HCM 2009
נושאים:
גישה מקוונת:http://lrc.tdmu.edu.vn/opac/search/detail.asp?aID=2&ID=3587
תגים: הוספת תג
אין תגיות, היה/י הראשונ/ה לתייג את הרשומה!
Thư viện lưu trữ: Trung tâm Học liệu Trường Đại học Thủ Dầu Một
LEADER 00648nam a2200205Ia 4500
001 TDMU_3587
008 210410s9999 xx 000 0 und d
082 |a 338.4 
090 |b NG527 
100 |a Nguyễn, Công Thạnh 
245 0 |a Kinh tế xây dựng 
245 0 |c Nguyễn Công Thạnh 
260 |a TP.HCM 
260 |b Đại học Quốc gia TP.HCM 
260 |c 2009 
300 |a 338tr. 
520 |a XD145 Kinh tế xây dựng 
650 |a Kinh tế xây dựng 
856 |u http://lrc.tdmu.edu.vn/opac/search/detail.asp?aID=2&ID=3587 
980 |a Trung tâm Học liệu Trường Đại học Thủ Dầu Một